书目信息 |
| 题名: |
自然数的质数判定, 合数分解与孪生质数分布
|
|
| 作者: | 刘佛清 著 | |
| 分册: | ||
| 出版信息: | 西安 西安地图出版社 2019 |
|
| 页数: | 236页 | |
| 开本: | 30cm | |
| 丛书名: | ||
| 单 册: | ||
| 中图分类: | O156.1 | |
| 科图分类: | ||
| 主题词: | 初等数论--chu deng shu lun | |
| 电子资源: | ||
| ISBN: | 978-7-5556-0508-9 | |
| 000 | 01023nam0 2200265 450 | |
| 001 | 012001003301 | |
| 005 | 20140130083005.0 | |
| 010 | @a978-7-5556-0508-9@dCNY118.00 | |
| 099 | @aCAL 012019143210 | |
| 100 | @a20190826d2019 em y0chiy50 ea | |
| 101 | 0 | @achi |
| 102 | @aCN@b610000 | |
| 105 | @ak z 000yy | |
| 106 | @ar | |
| 200 | 1 | @a自然数的质数判定, 合数分解与孪生质数分布@Azi ran shu de zhi shu pan ding, he shu fen jie yu luan sheng zhi shu fen bu@f刘佛清著 |
| 210 | @a西安@c西安地图出版社@d2019 | |
| 215 | @a236页@d30cm | |
| 312 | @a英文并列题名取自封面 | |
| 330 | @a本书站在全新角度用全新方法, 自成体系解决自然数中的质数判定和合数分解为质因子两个世界难题。书中给出了自然数的数性、质数、因数判定定理和判定公式、自然数中的合数分解定理和质因数判定公式、自然数中李生质数的分布规律和判定定理。 | |
| 510 | 1 | @aNatural number@zeng |
| 606 | 0 | @a初等数论@Achu deng shu lun |
| 690 | @aO156.1@v5 | |
| 701 | 0 | @a刘佛清@Aliu fo qing@4著 |
| 801 | 0 | @aCN@b北京卓展@c20191020 |
| 905 | @b1211141-4@dO156.1@e134@f4 | |
| 自然数的质数判定, 合数分解与孪生质数分布/刘佛清著.-西安:西安地图出版社,2019 |
| 236页;30cm |
| ISBN 978-7-5556-0508-9:CNY118.00 |
| 本书站在全新角度用全新方法, 自成体系解决自然数中的质数判定和合数分解为质因子两个世界难题。书中给出了自然数的数性、质数、因数判定定理和判定公式、自然数中的合数分解定理和质因数判定公式、自然数中李生质数的分布规律和判定定理。 |
| ● |
| 相关链接 |
|
|
|
|
正题名:自然数的质数判定, 合数分解与孪生质数分布
索取号:O156.1/134
 
预约/预借
| 序号 | 登录号 | 条形码 | 馆藏地/架位号 | 状态 | 备注 |
| 1 | 1211141 | 212111418 | 第二样本阅览室/ [索取号:O156.1/134] | 在馆 | |
| 2 | 1211142 | 212111427 | 第三借阅区/ [索取号:O156.1/134] | 在馆 | |
| 3 | 1211143 | 212111436 | 第三借阅区/ [索取号:O156.1/134] | 在馆 | |
| 4 | 1211144 | 212111445 | 第三借阅区/ [索取号:O156.1/134] | 在馆 |